El Mariscal de Francia Felipe Petain, Jefe del Estado Francès. (Record no. 97899)

MARC details
000 -LEADER
campo de control de longitud fija 00391nam a2200145 i 4500
001 - NÚMERO DE CONTROL
campo de control 97899
003 - IDENTIFICADOR DE NÚMERO DE CONTROL
campo de control ES-MaACL
005 - FECHA Y HORA DE LA ÚLTIMA TRANSACCIÓN
campo de control 20230906182159.0
007 - CAMPO FIJO DE DESCRIPCIÓN FÍSICA--INFORMACIÓN GENERAL
campo de control de longitud fija t|
008 - DATOS DE LONGITUD FIJA--INFORMACIÓN GENERAL
campo de control de longitud fija 050719n1941 fr ||||1| fre d
245 03 - MENCIÓN DEL TÍTULO
Título El Mariscal de Francia Felipe Petain, Jefe del Estado Francès.
260 ## - PUBLICACIÓN, DISTRIBUCIÓN, ETC.
Lugar de publicación, distribución, etc. Paris :
Nombre del editor, distribuidor, etc. [s.n.]
300 ## - DESCRIPCIÓN FÍSICA
Extensión 44 p., 6 lám. ;
Dimensiones 25 cm.
852 ## - LOCALIZACIÓN
Ubicación ES-MaACL
Número de control de estantería 1833-F-6
Sublocalización o colección R.19494
Holdings
Estatus retirado Estado de pérdida Estado de daño No para préstamo Colección Biblioteca de origen Biblioteca actual Ubicación en estantería Fecha de adquisición Fuente de adquisición Total de préstamos Signatura topográfica completa Código de barras Visto por última vez Precio de reemplazo Tipo de ítem Koha
        Colección de folletos Biblioteca del Ateneo de Madrid Biblioteca del Ateneo de Madrid Depósito folletos 17/01/2008     1833-F-6 1102195 23/02/2023 23/02/2023 Folleto